The CEO and the monk : one company's journey to profit and purpose /

Bibliographic Details
Main Author: Catell, Robert B.
Corporate Author: NetLibrary, Inc
Other Authors: Moore, Kenny, Rifkin, Glenn
Format: eBook
Language:English
Published: Hoboken, N.J. : J. Wiley, [2004]
Subjects:
Online Access:Connect to the full text of this electronic book

MARC

Tag First Indicator Second Indicator Subfields
LEADER 00000cam a2200000Ia 4500
001 in00002002170
005 20220105141733.0
006 m d
007 cr cnu---unuuu
008 040420s2004 nju s 001 0 eng d
020 |a 0471486221 (electronic bk.) 
035 |a (OCoLC)ocm54983309 
040 |a N$T  |c N$T  |d OCLCQ  |d UtOrBLW 
043 |a n-us--- 
049 |a IKMN 
050 1 4 |a HD9502.U54  |b K483 2004eb 
082 0 4 |a 333.79/0973  |2 22 
100 1 |a Catell, Robert B.  |0 http://id.loc.gov/authorities/names/n2003114805 
245 1 4 |a The CEO and the monk :  |b one company's journey to profit and purpose /  |c Robert B. Catell and Kenny Moore with Glenn Rifkin. 
264 1 |a Hoboken, N.J. :  |b J. Wiley,  |c [2004] 
264 4 |c ©2004 
300 |a ix, 246 pages ;  |c 24 cm. 
336 |a text  |b txt  |2 rdacontent 
337 |a computer  |b c  |2 rdamedia 
338 |a online resource  |b cr  |2 rdacarrier 
500 |a Includes index. 
533 |a Electronic reproduction.  |b Boulder, Colo. :  |c NetLibrary,  |d 2004.  |n Available via World Wide Web.  |n Access may be limited to NetLibrary affiliated libraries. 
500 |a Electronic resource. 
610 2 0 |a KeySpan Corporation  |x History. 
650 0 |a Energy industries  |z United States  |x History. 
655 7 |a Electronic books.  |2 local 
700 1 |a Moore, Kenny.  |0 http://id.loc.gov/authorities/names/n2003114807 
700 1 |a Rifkin, Glenn.  |0 http://id.loc.gov/authorities/names/n88010685 
710 2 |a NetLibrary, Inc.  |0 http://id.loc.gov/authorities/names/no99080690 
776 1 |c Original  |z 0471450111  |w (DLC) 2003020247  |w (OCoLC)53097436 
856 4 1 |u https://proxy.library.tamu.edu/login?url=http://www.netLibrary.com/urlapi.asp?action=summary&v=1&bookid=107265  |z Connect to the full text of this electronic book  |t 0 
994 |a 92  |b IKM 
999 |a MARS 
999 f f |s 68ae32c9-84a7-399e-8c9c-300e71ba5f10  |i ba7974e3-198b-3412-81f7-21f2f98766a6  |t 0 
952 f f |a Texas A&M University  |b College Station  |c Electronic Resources  |d Available Online  |t 0  |e HD9502.U54 K483 2004eb  |h Library of Congress classification 
998 f f |a HD9502.U54 K483 2004eb  |t 0  |l Available Online